000 00533nam a2200181 4500
001 116390
003 ES-MaACL
005 20250730025320.0
007 t|
008 061121s1906 sp r ||||1| spa d
100 1 _aParody, L. (
_d1844-1918)
_989212
245 1 0 _aDefensa contra la tuberculosis é infecciones
_b: higiene y terapéutica /
_cL. Parody.
260 _aMadrid :
_b[s.n.],
_c1906.
300 _a84 p. ;
_c19 cm.
650 0 7 _aTuberculosis
_2embne
_917658
852 _aES-MaACL
_jT-1080-F-1
999 _c116390
_d116390